000 01035nam a2200277Ia 4500
001 Para_10142
003 CHAP
008 220125s´Nov xx 000 0 und d
010 _a208834
040 _cCHAP
090 _aPA CD - TESIS 216
100 _aMiranda Angeles, Yolanda Estela
_9125686
245 _aEntomofauna e identificación de Rhizoctonia solani Kühn en Echeverria gibbiflora D.C., (Crasulacea) en Villa Guerrero, Estado de México /
_c Yolanda Estela Miranda Angeles; Director Amalia Pérez Valdez
260 _aChapingo, Méx. :
_b el autor
300 _a1 CDS ROM (44 p.)
502 _aTesis (Ing. Agr. Esp. en Parasitología Agrícola). UACh. Departamento Parasitología Agrícola
700 _aPérez Valdez, Amalia. Director
_9175140
710 _aUACh. Departamento Parasitología Agrícola
_9164025
901 _aPA CD - TESIS 216
902 _aM
905 _a513220´Noviembre,2012 anm 8100000000 06
910 _a´Nov
942 _cPARA
942 _cPARA
_d2
999 _c208834
_d208834